000
00226 a2200097 4500
001
76707
082
_a
620.4KOC
090
_c
39226
_d
39226
100
_a
Kochhar
245
_a
Guidence and Counselling in colleges and universities
942
_a
CAENUST
_k
370.4KOC
999
_c
311780
_d
311780